[Event "Junior Online 4NCL Division 4"]
[Site "online"]
[Date "2020.09.17"]
[Round "3.23"]
[White "Ford, Conor"]
[Black "Granger, Charlotte"]
[Result "1-0"]
[WhiteElo "1427"]
[BlackElo "1285"]
[PlyCount "83"]
[EventDate "2020.09.17"]
[WhiteTeam "Barnet Knights A"]
[BlackTeam "Colchester Juniors B"]

1. d4 d5 2. e3 Nc6 3. Bd3 Nf6 4. Nd2 Bd7 5. f4 e6 6. c3 Bd6 7. Ngf3 O-O 8. O-O
Qe7 9. Ne5 Nxe5 10. fxe5 Ne4 11. exd6 Qxd6 12. Nxe4 dxe4 13. Bxe4 Rad8 14. Bd3
e5 15. dxe5 Qxe5 16. e4 Qc5+ 17. Kh1 Bb5 18. Rf3 Qc4 19. Bf4 Qc5 20. Qe2 a6 21.
Rd1 Bc4 22. b3 Bb5 23. c4 Bd7 24. h3 Qd6 25. Bxd6 cxd6 26. Bc2 g5 27. Rg3 h6
28. Rxd6 Bg4 29. Rxd8 Bxe2 30. Rxf8+ Kxf8 31. Bd3 Bh5 32. Re3 a5 33. e5 Ke7 34.
g4 Bg6 35. Bxg6 fxg6 36. Kg2 h5 37. gxh5 gxh5 38. Kg3 Ke6 39. h4 g4 40. a3 Kf5
41. e6 Kf6 42. e7 1-0

[Event "Junior Online 4NCL Division 4"]
[Site "online"]
[Date "2020.09.17"]
[Round "3.24"]
[White "Salkauskas, Deimantas"]
[Black "Belur, Ankita"]
[Result "0-1"]
[WhiteElo "947"]
[BlackElo "1427"]
[PlyCount "142"]
[EventDate "2020.09.17"]
[WhiteTeam "Colchester Juniors B"]
[BlackTeam "Barnet Knights A"]

1. e4 d6 2. d4 Nf6 3. Nc3 g6 4. Nf3 Bg7 5. Bg5 Nbd7 6. e5 dxe5 7. dxe5 Ng4 8.
Bf4 Ngxe5 9. Nxe5 Nxe5 10. Qxd8+ Kxd8 11. Bxe5 Bxe5 12. Rd1+ Ke8 13. Bb5+ c6
14. Bc4 b5 15. Be2 Be6 16. Bf3 Rc8 17. a3 Bxc3+ 18. bxc3 Kf8 19. Ra1 Kg7 20. a4
a6 21. axb5 cxb5 22. Rxa6 Rxc3 23. Bd1 Bf5 24. O-O Bxc2 25. Bxc2 Rxc2 26. Rb6
Rc5 27. Re1 h6 28. h3 e6 29. Rd1 Rhc8 30. Rd7 Rf5 31. f3 Rc1+ 32. Kh2 Rb1 33.
Rdb7 Rb2 34. Kg1 Rg5 35. g4 h5 36. Kf1 hxg4 37. hxg4 Rd5 38. Ke1 Rc5 39. Kd1
Rc3 40. Rxb5 Rxb5 41. Rxb5 Rxf3 42. Rb4 g5 43. Rb5 Kg6 44. Rb4 Rf4 45. Rxf4
gxf4 46. Ke2 Kg5 47. Kf3 f5 48. gxf5 Kxf5 49. Kg2 Kg4 50. Kf2 f3 51. Kg1 Kg3
52. Kh1 e5 53. Kg1 f2+ 54. Kf1 e4 55. Ke2 Kg2 56. Ke3 f1=Q 57. Kxe4 Qf2 58. Ke5
Qd2 59. Ke4 Kf2 60. Ke5 Qd3 61. Kf4 Qe3+ 62. Kf5 Kf3 63. Kf6 Qe4 64. Kg5 Qf4+
65. Kg6 Kg4 66. Kg7 Qf5 67. Kh6 Qg5+ 68. Kh7 Kf5 69. Kh8 Kf6 70. Kh7 Qg6+ 71.
Kh8 Qg7# 0-1

[Event "Junior Online 4NCL Division 4"]
[Site "online"]
[Date "2020.09.17"]
[Round "3.25"]
[White "Balaggan, Karam S"]
[Black "Stoica, Savas Marin"]
[Result "0-1"]
[WhiteElo "1420"]
[BlackElo "1922"]
[PlyCount "108"]
[EventDate "2020.09.17"]
[WhiteTeam "Colchester Juniors B"]
[BlackTeam "Barnet Knights A"]

1. e4 c5 2. Nf3 Nc6 3. d4 cxd4 4. Nxd4 Nf6 5. Nc3 e6 6. e5 Nxe5 7. Bf4 Ng6 8.
Be3 d5 9. Bb5+ Bd7 10. Bxd7+ Qxd7 11. O-O Bb4 12. a3 Bxc3 13. bxc3 O-O 14. Bg5
Ne4 15. Qd3 Nxg5 16. f4 Ne4 17. f5 exf5 18. Nxf5 Rac8 19. Rad1 Nxc3 20. Rd2
Rfe8 21. Ne3 Qe6 22. Nxd5 Nxd5 23. Qxd5 Qxd5 24. Rxd5 f6 25. Rfd1 Rxc2 26. Rd8
Rc8 27. Rxc8 Rxc8 28. h3 Ne5 29. Kh2 Kf7 30. Rf1 Rc3 31. g4 Ke6 32. g5 fxg5 33.
Rf8 Rxa3 34. Re8+ Kf6 35. Rf8+ Nf7 36. Rc8 h5 37. Rc1 Ne5 38. Rf1+ Rf3 39.
Rxf3+ Nxf3+ 40. Kg2 Nd4 41. Kg3 a5 42. h4 Nf5+ 43. Kh3 g4+ 44. Kg2 Nxh4+ 45.
Kg3 Nf5+ 46. Kg2 a4 47. Kf2 a3 48. Ke2 a2 49. Kd3 a1=Q 50. Kc4 g3 51. Kc5 g2
52. Kc4 g1=Q 53. Kd3 Qgd4+ 54. Ke2 Qad1# 0-1

[Event "Junior Online 4NCL Division 4"]
[Site "online"]
[Date "2020.09.17"]
[Round "3.26"]
[White "Angelopoulos, Andreas"]
[Black "Chung, Vince"]
[Result "1-0"]
[WhiteElo "1637"]
[BlackElo "1352"]
[PlyCount "113"]
[EventDate "2020.09.17"]
[WhiteTeam "Barnet Knights A"]
[BlackTeam "Colchester Juniors B"]

1. d4 d5 2. c4 Nf6 3. Nc3 Nc6 4. cxd5 Nxd5 5. e4 Nxc3 6. bxc3 e6 7. Nf3 Be7 8.
Bf4 Bd7 9. Bd3 O-O 10. O-O Bd6 11. e5 Be7 12. Bc2 f5 13. a3 Be8 14. c4 a6 15.
d5 exd5 16. cxd5 Na7 17. Bb3 Bf7 18. d6 Bxb3 19. Qxb3+ Kh8 20. dxe7 Qxe7 21.
Rfd1 Nc6 22. Qxb7 Na5 23. Qb4 Qxb4 24. axb4 Nb3 25. Rab1 a5 26. Rxb3 axb4 27.
Rxb4 c5 28. Rc4 Rfc8 29. e6 Ra7 30. h3 Rca8 31. Rxc5 Kg8 32. Rdc1 Re8 33. Rc8
Ra8 34. Rxa8 Rxa8 35. Nd4 Kf8 36. Nxf5 g6 37. Bd6+ Ke8 38. Ng7+ Kd8 39. e7+ Kd7
40. e8=Q+ Rxe8 41. Nxe8 Kxe8 42. Rc7 h6 43. Rg7 g5 44. Rh7 h5 45. Rxh5 Kd7 46.
Ba3 Ke6 47. Rxg5 Kf6 48. f4 Ke6 49. h4 Kf6 50. h5 Kf7 51. h6 Kf6 52. h7 Ke6 53.
h8=Q Kf7 54. Qg7+ Ke6 55. Qh6+ Kd7 56. Rg7+ Kc8 57. Qh8# 1-0

[Event "Junior Online 4NCL Division 4"]
[Site "online"]
[Date "2020.09.17"]
[Round "3.27"]
[White "Granger, Charlotte"]
[Black "Ford, Conor"]
[Result "1-0"]
[WhiteElo "1285"]
[BlackElo "1427"]
[PlyCount "151"]
[EventDate "2020.09.17"]
[WhiteTeam "Colchester Juniors B"]
[BlackTeam "Barnet Knights A"]

1. e4 e5 2. Nf3 Nc6 3. Bb5 Bd6 4. Nc3 Nf6 5. d3 a6 6. Ba4 h6 7. Be3 O-O 8. O-O
b5 9. Bb3 Be7 10. Nd5 d6 11. Nxf6+ Bxf6 12. Bd5 Bb7 13. a3 Rb8 14. c3 Ne7 15.
Bxb7 Rxb7 16. b4 Rb8 17. Rc1 Rc8 18. Qd2 c6 19. d4 exd4 20. Nxd4 Bxd4 21. Qxd4
c5 22. bxc5 dxc5 23. Qe5 Ng6 24. Qg3 Re8 25. Rcd1 Qf6 26. f3 Ne5 27. Rd5 Nc4
28. Bc1 Kh8 29. Qh3 Red8 30. Bg5 Qe6 31. Qxe6 fxe6 32. Rxd8+ Rxd8 33. Bxd8 Ne3
34. Re1 Nc2 35. Rd1 Nxa3 36. Rd6 Nc4 37. Rxa6 b4 38. cxb4 cxb4 39. Bh4 b3 40.
Ra1 b2 41. Rb1 g5 42. Bg3 Kg7 43. h4 Kf6 44. hxg5+ hxg5 45. Kf2 e5 46. Ke2 Ke6
47. Kd3 Na3 48. Rxb2 Kd6 49. Kc3 Kc5 50. Bf2+ Kc6 51. Bg3 Nb5+ 52. Kc2 Nd4+ 53.
Kc3 Nb5+ 54. Kc4 Nd6+ 55. Kb4 Nf7 56. Rc2+ Kd6 57. Kb5 Kd7 58. Rc6 Nd6+ 59. Kc5
Nf7 60. Rf6 Ke7 61. Rc6 Kd7 62. Kd5 Ke8 63. Bxe5 Nd8 64. Rc7 Nf7 65. Bf6 Nd8
66. Bxg5 Nf7 67. f4 Nd8 68. e5 Nf7 69. e6 Nxg5 70. fxg5 Kd8 71. Kd6 Ke8 72. g6
Kf8 73. Ke5 Ke8 74. g7 Kd8 75. Kd6 Ke8 76. g8=R# 1-0

[Event "Junior Online 4NCL Division 4"]
[Site "online"]
[Date "2020.09.17"]
[Round "3.28"]
[White "Belur, Ankita"]
[Black "Salkauskas, Deimantas"]
[Result "1-0"]
[WhiteElo "1427"]
[BlackElo "947"]
[PlyCount "77"]
[EventDate "2020.09.17"]
[WhiteTeam "Barnet Knights A"]
[BlackTeam "Colchester Juniors B"]

1. c4 e6 2. Nc3 d6 3. Nf3 Nd7 4. g3 Ne7 5. Bg2 g6 6. O-O Bg7 7. a3 b6 8. b4 Bb7
9. Bb2 O-O 10. Rb1 c6 11. Qc2 a5 12. bxa5 Rxa5 13. Ne4 d5 14. Bxg7 Kxg7 15.
cxd5 cxd5 16. Nd6 Bc6 17. Nd4 Ba8 18. Qc3 f6 19. Nxe6+ Kg8 20. Nxd8 Rxd8 21.
Rfc1 Nc5 22. Qxf6 Rd7 23. Qf7+ Kh8 24. Qf8+ Ng8 25. Nf7+ Rxf7 26. Qxf7 Bb7 27.
Bxd5 Bxd5 28. Qxd5 Nf6 29. Qd4 Kg7 30. Rxb6 Ncd7 31. Rd6 Nf8 32. Qxf6+ Kg8 33.
Rc8 Rf5 34. Qe6+ Rf7 35. Rd7 Kg7 36. Qxf7+ Kh6 37. Rxf8 Kh5 38. Qxh7+ Kg5 39.
Rd5+ 1-0

[Event "Junior Online 4NCL Division 4"]
[Site "online"]
[Date "2020.09.17"]
[Round "3.31"]
[White "Bryant, Harry"]
[Black "Timbrell, Matthew"]
[Result "1-0"]
[WhiteElo "1330"]
[BlackElo "1682"]
[PlyCount "91"]
[EventDate "2020.09.17"]
[WhiteTeam "JHJ 5"]
[BlackTeam "Somerset Lions"]

1. d4 d5 2. Bf4 Nf6 3. Nc3 g6 4. e3 Bg7 5. Nf3 O-O 6. h4 h5 7. Bd3 c6 8. Ng5
Bd7 9. Be2 Bf5 10. f3 Bd7 11. Rg1 Qc8 12. g4 hxg4 13. fxg4 Nh7 14. h5 gxh5 15.
Nxh7 Kxh7 16. gxh5 Bh6 17. Bxh6 Kxh6 18. e4 dxe4 19. Qd2+ Kh7 20. Nxe4 f6 21.
Bd3 Bf5 22. Qg2 Rg8 23. Nxf6+ exf6 24. Bxf5+ Kh8 25. Bxc8 Rxg2 26. Rxg2 Na6 27.
Bxb7 Re8+ 28. Re2 Rb8 29. Bxa6 Rxb2 30. O-O-O Rxa2 31. Re8+ Kh7 32. Bd3+ Kh6
33. Rh8+ Kg7 34. Rg8+ Kxg8 35. Bc4+ Kf8 36. Bxa2 f5 37. Rf1 Kg7 38. Rxf5 Kh6
39. Bf7 Kg7 40. c4 c5 41. dxc5 a5 42. c6 a4 43. c7 a3 44. c8=Q a2 45. Qg8+ Kh6
46. Rf6# 1-0

[Event "Junior Online 4NCL Division 4"]
[Site "online"]
[Date "2020.09.17"]
[Round "3.32"]
[White "Keech, Gabriel"]
[Black "Zhao, George"]
[Result "0-1"]
[WhiteElo "1682"]
[BlackElo "1330"]
[PlyCount "82"]
[EventDate "2020.09.17"]
[WhiteTeam "Somerset Lions"]
[BlackTeam "JHJ 5"]

1. c4 e6 2. Nf3 c6 3. g3 d5 4. cxd5 cxd5 5. d4 Nf6 6. Bg2 Bd6 7. O-O O-O 8. Bg5
Nbd7 9. Nc3 Qb6 10. Qc2 h6 11. Bd2 Qc6 12. Rac1 b6 13. e3 Ba6 14. Rfe1 Rac8 15.
Qb3 Bc4 16. Qd1 Qb7 17. b3 Bd3 18. Ne2 Rc6 19. Rxc6 Qxc6 20. Nc1 Ba6 21. Ne2
Ne4 22. Nc1 Nxd2 23. Nxd2 Rc8 24. Ne2 Ba3 25. Nb1 Bb4 26. Nd2 Qc2 27. Rf1 Bxd2
28. Bf3 Bxe2 29. Bxe2 Qxd1 30. Rxd1 Rc1 31. Rxc1 Bxc1 32. Bb5 Nf6 33. Kf1 Kf8
34. Ke2 Ke7 35. Kd1 Ba3 36. Kc2 Bb4 37. Kd3 Ng4 38. Ke2 Nxh2 39. f3 g5 40. Kf2
g4 41. Kg2 Nxf3 0-1

[Event "Junior Online 4NCL Division 4"]
[Site "online"]
[Date "2020.09.17"]
[Round "3.33"]
[White "Nilim, Armaan"]
[Black "Wang, Andy"]
[Result "0-1"]
[WhiteElo "1285"]
[BlackElo "1525"]
[PlyCount "144"]
[EventDate "2020.09.17"]
[WhiteTeam "JHJ 5"]
[BlackTeam "Somerset Lions"]

1. d4 d5 2. c4 e6 3. Nc3 Nf6 4. Nf3 Nbd7 5. Bg5 c6 6. e3 h6 7. Bh4 Bb4 8. Rc1
Qa5 9. Qb3 Ne4 10. Bd3 Nxc3 11. bxc3 Bd6 12. c5 Bc7 13. O-O b6 14. cxb6 Qxb6
15. Qxb6 axb6 16. Bb1 Ba6 17. Rfe1 Bc4 18. Nd2 Bxa2 19. c4 Bxb1 20. Rxb1 Ra2
21. Red1 Rc2 22. cxd5 exd5 23. Ra1 O-O 24. e4 dxe4 25. Nxe4 Re8 26. Nd2 Re2 27.
Ra8+ Bb8 28. Nf3 Kh7 29. Raa1 Ra2 30. Bd8 Rxf2 31. Rxa2 Rxa2 32. d5 cxd5 33.
Rxd5 Nc5 34. Bxb6 Ra1+ 35. Kf2 Ne4+ 36. Ke3 Nf6 37. Ra5 Rxa5 38. Bxa5 Ba7+ 39.
Nd4 Ng4+ 40. Ke4 Nxh2 41. Nf3 Nf1 42. Nd2 Ng3+ 43. Kf3 Nf5 44. Ke4 Ne3 45. Bc3
Nxg2 46. Nf3 Ne3 47. Nd4 Ng4 48. Kf4 Nf6 49. Nf5 Nd5+ 50. Ke4 Nxc3+ 51. Ke5 f6+
52. Kf4 h5 53. Ng3 Bb8+ 54. Kf3 Bxg3 55. Kxg3 Ne4+ 56. Kh4 g6 57. Kh3 f5 58.
Kh4 f4 59. Kh3 f3 60. Kh2 g5 61. Kg1 Nd2 62. Kf2 g4 63. Kg1 g3 64. Kh1 f2 65.
Kg2 f1=Q+ 66. Kxg3 Qf3+ 67. Kh2 Qg4 68. Kh1 Nc4 69. Kh2 Nd2 70. Kh1 Qg5 71. Kh2
Nf3+ 72. Kh3 Qg4# 0-1

[Event "Junior Online 4NCL Division 4"]
[Site "online"]
[Date "2020.09.17"]
[Round "3.34"]
[White "Ranpura, Kirin"]
[Black "Hanache, Kai"]
[Result "0-1"]
[WhiteElo "1382"]
[BlackElo "1240"]
[PlyCount "114"]
[EventDate "2020.09.17"]
[WhiteTeam "Somerset Lions"]
[BlackTeam "JHJ 5"]

1. d4 Nf6 2. Bf4 d5 3. e3 Bf5 4. c4 dxc4 5. Bxc4 e6 6. Nf3 Nc6 7. a3 Bd6 8. Bg3
Bxg3 9. hxg3 O-O 10. Nc3 Qd7 11. Bd3 Bg6 12. Nh4 Bxd3 13. Qxd3 Ne5 14. Qc2 Ng6
15. Ne4 Nxe4 16. Qxe4 Nxh4 17. Rxh4 h6 18. g4 f5 19. Qf3 fxg4 20. Qxg4 Qf7 21.
Qg3 Qf6 22. O-O-O Qxf2 23. Qxf2 Rxf2 24. g4 Raf8 25. Rhh1 Re2 26. Rh3 Rff2 27.
Rhh1 Rxb2 28. Rdf1 Rfd2 29. g5 hxg5 30. Rhg1 Rg2 31. a4 Rxg1 32. Rxg1 Ra2 33.
Rxg5 Rxa4 34. Re5 Ra6 35. Kc2 Kf7 36. Kc3 Rb6 37. Kc4 a6 38. Kc5 Rb5+ 39. Kc4
Rxe5 40. dxe5 Kg6 41. e4 Kg5 42. Kd4 Kf4 43. Kd3 Kxe5 44. Ke3 a5 45. Kd3 a4 46.
Kc3 g5 47. Kb4 g4 48. Kxa4 g3 49. Kb4 g2 50. Kc4 g1=Q 51. Kc3 Qd4+ 52. Kc2 Qe3
53. Kb2 Kd4 54. Kc2 Qc3+ 55. Kb1 Qd2 56. Ka1 Kc3 57. Kb1 Qb2# 0-1

[Event "Junior Online 4NCL Division 4"]
[Site "online"]
[Date "2020.09.17"]
[Round "3.35"]
[White "Timbrell, Matthew"]
[Black "Bryant, Harry"]
[Result "1-0"]
[WhiteElo "1682"]
[BlackElo "1330"]
[PlyCount "105"]
[EventDate "2020.09.17"]
[WhiteTeam "Somerset Lions"]
[BlackTeam "JHJ 5"]

1. c4 e5 2. Nc3 Nc6 3. g3 f5 4. Bg2 Nf6 5. e3 Nb4 6. d4 e4 7. Bf1 d5 8. c5 c6
9. a3 Qa5 10. Bd2 Na6 11. b4 Qc7 12. Nge2 h5 13. h4 Ng4 14. Bh3 b6 15. cxb6
axb6 16. O-O Bd6 17. Kg2 g5 18. hxg5 h4 19. Nf4 Bxf4 20. gxf4 Qg7 21. Rh1 Rh5
22. Qe2 Be6 23. Rac1 Bf7 24. Bxg4 fxg4 25. Qxg4 Qh7 26. Na4 b5 27. Nb6 Rb8 28.
Rxc6 h3+ 29. Rxh3 Rxh3 30. Qxh3 Qxh3+ 31. Kxh3 Ke7 32. Kh4 Rh8+ 33. Kg4 Bh5+
34. Kg3 Bf3 35. Nxd5+ Kd7 36. Rxa6 Rh1 37. g6 Rg1+ 38. Kh2 Rh1+ 39. Kg3 Rg1+
40. Kh4 Rg4+ 41. Kh3 Rg1 42. Rb6 Rh1+ 43. Kg3 Rg1+ 44. Kh4 Rg4+ 45. Kh5 Rxf4+
46. Kg5 Rg4+ 47. Kf5 Rg2 48. Rxb5 Rxf2 49. g7 Be2+ 50. Kxe4 Rg2 51. Ra5 Rg4+
52. Ke5 Bf3 53. Nf6+ 1-0

[Event "Junior Online 4NCL Division 4"]
[Site "online"]
[Date "2020.09.17"]
[Round "3.36"]
[White "Zhao, George"]
[Black "Keech, Gabriel"]
[Result "1-0"]
[WhiteElo "1330"]
[BlackElo "1682"]
[PlyCount "91"]
[EventDate "2020.09.17"]
[WhiteTeam "JHJ 5"]
[BlackTeam "Somerset Lions"]

1. b3 Nf6 2. Bb2 Nc6 3. c4 e6 4. Nc3 d5 5. e3 b6 6. d4 Bb7 7. Nf3 Bb4 8. a3 Bd6
9. b4 O-O 10. Be2 a5 11. c5 Be7 12. b5 Na7 13. c6 Bc8 14. Qc2 Re8 15. Ne5 Bd6
16. f4 Bxe5 17. fxe5 Ne4 18. Nxe4 dxe4 19. Qxe4 Qd5 20. Qxd5 exd5 21. a4 Bf5
22. Bf3 Be4 23. Bxe4 dxe4 24. O-O Nc8 25. Rf4 Ne7 26. Rxe4 Nd5 27. Re1 f6 28.
e6 Re7 29. Ba3 Nb4 30. Rb1 Rae8 31. Bxb4 axb4 32. d5 Rd8 33. Rd4 f5 34. Rbxb4
g6 35. Rb1 Kg7 36. Ra1 Kf6 37. Kf2 Ke5 38. Rad1 Kd6 39. Kf3 Kc5 40. Kf4 h6 41.
Ke5 h5 42. d6 cxd6+ 43. Rxd6 Rxd6 44. Rxd6 Kb4 45. Rd7 Re8 46. c7 1-0

[Event "Junior Online 4NCL Division 4"]
[Site "online"]
[Date "2020.09.17"]
[Round "3.37"]
[White "Wang, Andy"]
[Black "Nilim, Armaan"]
[Result "1-0"]
[WhiteElo "1525"]
[BlackElo "1285"]
[PlyCount "89"]
[EventDate "2020.09.17"]
[WhiteTeam "Somerset Lions"]
[BlackTeam "JHJ 5"]

1. d4 d5 2. Bf4 Nf6 3. Nf3 Nh5 4. Bg3 Nxg3 5. hxg3 e6 6. e3 Nc6 7. c4 Bb4+ 8.
Nbd2 Bd7 9. a3 Bxd2+ 10. Qxd2 b5 11. cxb5 Ne7 12. Rc1 Rb8 13. Qa5 Ra8 14. Qxc7
Rb8 15. Qxa7 Bxb5 16. Bxb5+ Rxb5 17. Qa4 Qa5+ 18. Qxa5 Rxa5 19. O-O O-O 20. Rc7
Ng6 21. Rfc1 Raa8 22. R1c2 f5 23. Ng5 Rae8 24. R2c6 h6 25. Nxe6 Rf6 26. Nxg7
Rxc6 27. Nxe8 Rxc7 28. Nxc7 Ne7 29. a4 Nc6 30. Nxd5 h5 31. b4 h4 32. a5 h3 33.
a6 h2+ 34. Kxh2 f4 35. Ne7+ Kf8 36. Nxc6 fxg3+ 37. Kxg3 Ke8 38. a7 Kd7 39. a8=Q
Kc7 40. d5 Kb6 41. Qa5+ Kb7 42. Nd8+ Kc8 43. d6 Kd7 44. Qc7+ Ke8 45. Qe7# 1-0

[Event "Junior Online 4NCL Division 4"]
[Site "online"]
[Date "2020.09.17"]
[Round "3.38"]
[White "Hanache, Kai"]
[Black "Ranpura, Kirin"]
[Result "0-1"]
[WhiteElo "1240"]
[BlackElo "1382"]
[PlyCount "168"]
[EventDate "2020.09.17"]
[WhiteTeam "JHJ 5"]
[BlackTeam "Somerset Lions"]

1. e4 e6 2. d4 d5 3. exd5 exd5 4. Nf3 Nf6 5. Bd3 Bd6 6. O-O O-O 7. Bg5 Bg4 8.
Nc3 c6 9. h3 Bh5 10. Re1 Nbd7 11. Be2 Qc7 12. Nd2 Bg6 13. Bxf6 Nxf6 14. Nf3
Rfe8 15. Bd3 Rxe1+ 16. Qxe1 Bh5 17. Nd2 Re8 18. Be2 Bb4 19. Nf3 Bxf3 20. gxf3
Qd7 21. Qd2 Qxh3 22. a3 Bd6 23. f4 Nh5 24. Bxh5 Qxh5 25. Re1 Rf8 26. Ne2 Bc7
27. Ng3 Qg4 28. Re7 Bxf4 29. Qd3 Rb8 30. Qc3 Qg5 31. Re2 h5 32. Kh2 h4 33. Qd3
hxg3+ 34. fxg3 Bd6 35. b4 a6 36. Qf3 b5 37. Rf2 Qg6 38. c3 Rb7 39. Qe3 Rb8 40.
Qf3 Rf8 41. Kg2 Qb1 42. Qg4 Qg6 43. Qf3 Bc7 44. Qe3 a5 45. bxa5 Bxa5 46. Re2
Bc7 47. Qf3 Qd6 48. Ra2 c5 49. dxc5 Qxc5 50. Kf1 Qc4+ 51. Re2 Re8 52. Kf2 Bxg3+
53. Kf1 Qxe2+ 54. Qxe2 Rxe2 55. Kxe2 Bd6 56. Kd3 Bxa3 57. Kd4 b4 58. cxb4 Bxb4
59. Kxd5 g5 60. Ke4 f6 61. Kf5 Kg7 62. Kg4 Kg6 63. Kf3 f5 64. Kg2 f4 65. Kf3
Kf5 66. Kg2 g4 67. Kg1 f3 68. Kf2 Kf4 69. Kf1 g3 70. Kg1 f2+ 71. Kf1 Kg4 72.
Kg2 f1=Q+ 73. Kxf1 Kh3 74. Kg1 Bc5+ 75. Kh1 Bd6 76. Kg1 g2 77. Kf2 Kh2 78. Ke2
g1=Q 79. Kd2 Qg3 80. Kc2 Qe3 81. Kb2 Qc5 82. Ka2 Qb5 83. Ka1 Be5+ 84. Ka2 Qb2#
0-1

[Event "Junior Online 4NCL Division 4"]
[Site "online"]
[Date "2020.09.17"]
[Round "3.41"]
[White "Kumar, Soham"]
[Black "Patel, Aadi"]
[Result "1-0"]
[WhiteElo "1802"]
[BlackElo "1292"]
[PlyCount "71"]
[EventDate "2020.09.17"]
[WhiteTeam "Maidenhead Juniors 1"]
[BlackTeam "The Hall 2"]

1. e4 e5 2. Nf3 Nc6 3. Bb5 a6 4. Ba4 b5 5. Bb3 d6 6. Bd5 Bb7 7. O-O Nf6 8. Bb3
Be7 9. Re1 O-O 10. c3 Nb8 11. d4 exd4 12. cxd4 Bxe4 13. Nc3 Bg6 14. Bc2 Bxc2
15. Qxc2 Nbd7 16. Bf4 Re8 17. Rac1 Nf8 18. Bg5 Ng6 19. Bxf6 Bxf6 20. Nd5 Be7
21. Qxc7 h6 22. Qb7 Kf8 23. Nc7 Rc8 24. Nxe8 Rxc1 25. Rxc1 Kxe8 26. Rc8 Qxc8
27. Qxc8+ Bd8 28. Qc6+ Ke7 29. Qxa6 Nf4 30. Qxb5 Ne2+ 31. Qxe2+ Kf6 32. a4 Ba5
33. b3 Bb4 34. Qb5 Bc3 35. a5 Bxa5 36. Qxa5 1-0

[Event "Junior Online 4NCL Division 4"]
[Site "online"]
[Date "2020.09.17"]
[Round "3.42"]
[White "O'Sullivan, Conor"]
[Black "Kumar, Satyam"]
[Result "0-1"]
[WhiteElo "1315"]
[BlackElo "1307"]
[PlyCount "64"]
[EventDate "2020.09.17"]
[WhiteTeam "The Hall 2"]
[BlackTeam "Maidenhead Juniors 1"]

1. e4 e5 2. Nf3 Nc6 3. Nc3 Nf6 4. Bb5 Bc5 5. d3 h6 6. Be3 Bb6 7. Bxc6 bxc6 8.
Nxe5 Qe7 9. Nf3 Bxe3 10. fxe3 d5 11. e5 Ng4 12. d4 Nxe3 13. Qe2 Nc4 14. b3 Qb4
15. bxc4 Qxc3+ 16. Kf2 Ba6 17. Nd2 Qxd4+ 18. Kf1 dxc4 19. Ke1 O-O 20. Nf3 Qxa1+
21. Kf2 Qxh1 22. e6 Rae8 23. e7 c3 24. exf8=Q+ Kxf8 25. Qxa6 Qd1 26. Qa3+ Kg8
27. Qxc3 Qe2+ 28. Kg3 Qe3 29. Qxc6 Re6 30. Qxc7 Rg6+ 31. Kh3 Qe6+ 32. Kh4 Qg4#
0-1

[Event "Junior Online 4NCL Division 4"]
[Site "online"]
[Date "2020.09.17"]
[Round "3.43"]
[White "Anchan, Anirudh"]
[Black "Kohli, Aryan"]
[Result "1-0"]
[WhiteElo "1082"]
[BlackElo "1075"]
[PlyCount "111"]
[EventDate "2020.09.17"]
[WhiteTeam "Maidenhead Juniors 1"]
[BlackTeam "The Hall 2"]

1. e4 c5 2. Nf3 d6 3. Bc4 e6 4. O-O Nf6 5. e5 Ne4 6. exd6 Bxd6 7. Re1 Ng5 8. d3
Nxf3+ 9. Qxf3 O-O 10. Qg4 e5 11. Qe4 Re8 12. Qd5 Qe7 13. Re3 Nc6 14. Rf3 Be6
15. Qe4 Bxc4 16. Qxc4 Nd4 17. Rg3 Ne2+ 18. Kf1 Nxg3+ 19. fxg3 Qf6+ 20. Kg1 a6
21. Nc3 b5 22. Qd5 b4 23. Ne4 Qe6 24. Qxd6 Qxd6 25. Nxd6 Red8 26. Nb7 Rdc8 27.
Nd6 Rc7 28. Nc4 Re7 29. Nd6 Rd8 30. Nc4 e4 31. Na5 exd3 32. Nc6 Re1+ 33. Kf2
Re2+ 34. Kf3 Rde8 35. cxd3 R8e6 36. Na5 Re1 37. Nc4 Rf1+ 38. Kg4 Rg6+ 39. Kh4
h5 40. Kxh5 Rf5+ 41. Kh4 Rh6+ 42. Bxh6 gxh6 43. Nd6 Rd5 44. Nc8 Rxd3 45. Ne7+
Kf8 46. Re1 Rd2 47. Nc6 Rxg2 48. Kh3 Rxb2 49. Nb8 Rxa2 50. Nd7+ Kg7 51. Nxc5 a5
52. Nd7 a4 53. Re4 b3 54. Rg4+ Kh7 55. Nf6+ Kh8 56. Rg8# 1-0

[Event "Junior Online 4NCL Division 4"]
[Site "online"]
[Date "2020.09.17"]
[Round "3.44"]
[White "Swarup, Maanas"]
[Black "Adhikari, Aanya"]
[Result "0-1"]
[WhiteElo "1097"]
[BlackElo "1015"]
[PlyCount "46"]
[EventDate "2020.09.17"]
[WhiteTeam "The Hall 2"]
[BlackTeam "Maidenhead Juniors 1"]

1. e4 c5 2. Nf3 d6 3. Bc4 Nc6 4. Nc3 Nf6 5. O-O e5 6. d3 Be7 7. Be3 Bg4 8. h3
Bd7 9. Nb5 a6 10. Nc3 Nd4 11. Bxd4 cxd4 12. Nd5 Nxd5 13. Bxd5 Rb8 14. c3 dxc3
15. bxc3 Bg5 16. Rb1 b5 17. c4 Qf6 18. cxb5 axb5 19. a4 Qg6 20. g4 h5 21. axb5
hxg4 22. hxg4 Qh6 23. Nxg5 Qh1# 0-1

[Event "Junior Online 4NCL Division 4"]
[Site "online"]
[Date "2020.09.17"]
[Round "3.45"]
[White "Patel, Aadi"]
[Black "Kumar, Soham"]
[Result "0-1"]
[WhiteElo "1292"]
[BlackElo "1802"]
[PlyCount "61"]
[EventDate "2020.09.17"]
[WhiteTeam "The Hall 2"]
[BlackTeam "Maidenhead Juniors 1"]

1. e4 c5 2. Nf3 d6 3. d3 Nc6 4. Nc3 g6 5. Be3 Bg7 6. Qd2 e6 7. Be2 Nge7 8. O-O
O-O 9. Bh6 d5 10. Bxg7 Kxg7 11. exd5 exd5 12. d4 c4 13. h3 h5 14. Nh2 Be6 15.
f3 Nf5 16. g4 hxg4 17. hxg4 Nfxd4 18. Kg2 Rh8 19. b4 Nxe2 20. Nxe2 Qh4 21. Rh1
Qh3+ 22. Kg1 Ne5 23. Nf4 Nxf3+ 24. Nxf3 Qxh1+ 25. Kf2 Qxa1 26. Nxe6+ fxe6 27.
Qe3 Raf8 28. Kg3 Rxf3+ 29. Qxf3 Qe5+ 30. Kf2 Rf8 31. Qxf8+ 0-1

[Event "Junior Online 4NCL Division 4"]
[Site "online"]
[Date "2020.09.17"]
[Round "3.46"]
[White "Kumar, Satyam"]
[Black "O'Sullivan, Conor"]
[Result "1-0"]
[WhiteElo "1307"]
[BlackElo "1315"]
[PlyCount "45"]
[EventDate "2020.09.17"]
[WhiteTeam "Maidenhead Juniors 1"]
[BlackTeam "The Hall 2"]

1. e4 e5 2. Nf3 Nc6 3. Bc4 Nf6 4. d3 Bc5 5. Bg5 d6 6. h3 Be6 7. Bb3 h6 8. Bh4
g5 9. Bg3 g4 10. Bxe6 gxf3 11. Bxf7+ Kxf7 12. Qxf3 Nd4 13. Qd1 Rg8 14. Nc3 h5
15. Qd2 Qd7 16. O-O-O Rgb8 17. f4 exf4 18. Qxf4 b5 19. Rde1 b4 20. Nd5 Qd8 21.
Bh4 Qc8 22. Qxf6+ Ke8 23. Qe7# 1-0

[Event "Junior Online 4NCL Division 4"]
[Site "online"]
[Date "2020.09.17"]
[Round "3.47"]
[White "Kohli, Aryan"]
[Black "Anchan, Anirudh"]
[Result "0-1"]
[WhiteElo "1075"]
[BlackElo "1082"]
[PlyCount "92"]
[EventDate "2020.09.17"]
[WhiteTeam "The Hall 2"]
[BlackTeam "Maidenhead Juniors 1"]

1. d4 e6 2. Bf4 d5 3. e3 Nf6 4. c3 Be7 5. Bd3 O-O 6. Nf3 Nc6 7. O-O Ng4 8. Ne5
Ncxe5 9. Bxe5 Nxe5 10. dxe5 b6 11. e4 d4 12. cxd4 Qxd4 13. Qc2 g6 14. Qxc7 Bc5
15. Bc2 Qxb2 16. Na3 Qxa3 17. Rfb1 Qc3 18. Rc1 Qd4 19. Rf1 Qd2 20. Ba4 Ba6 21.
Rad1 Qxa2 22. Ra1 Qb2 23. Rab1 Qd2 24. Rbd1 Qe2 25. Rde1 Qb2 26. Rb1 Bxf2+ 27.
Kh1 Qe2 28. Bc6 Rac8 29. Qxa7 Rxc6 30. h3 Rc2 31. Qd7 Qxe4 32. Rfd1 Be3 33. Rg1
Bxg1 34. Rxg1 Rxg2 35. Rxg2 Bb7 36. Qd2 Qxg2+ 37. Qxg2 Bxg2+ 38. Kxg2 b5 39.
Kf3 b4 40. Ke2 b3 41. Kd1 Rc8 42. h4 b2 43. h5 b1=Q+ 44. Kd2 Qb3 45. Ke2 Rc2+
46. Kd1 Qb1# 0-1